| 000 | 00962pam a2200289 a 4500 | ||
|---|---|---|---|
| 999 |
_c3729 _d3729 |
||
| 001 | 1054130 | ||
| 003 | Nust | ||
| 005 | 20170105101223.0 | ||
| 008 | 900517s1991 nyua b 001 0 eng | ||
| 010 | _a 90039335 | ||
| 020 |
_a0716720825 : _c$42.95 |
||
| 020 |
_a0716721686 (pbk.) : _c$38.00 |
||
| 040 |
_aDLC _cDLC _dDLC |
||
| 050 | 0 | 0 |
_aHB172 _b.E23 1991 |
| 082 | 0 | 0 |
_a338.5 _220 |
| 100 | 1 |
_aEaton, Buford Curtis, _d1943- |
|
| 245 | 1 | 0 |
_aMicroeconomics / _cB. Curtis Eaton, Diane F. Eaton. |
| 250 | _a2nd ed. | ||
| 260 |
_aNew York : _bW.H. Freeman, _cc1991. |
||
| 300 |
_axxii, 509 p. : _bill. (some col.) ; _c26 cm. |
||
| 504 | _aIncludes bibliographical references and index. | ||
| 650 | 0 | _aMicroeconomics. | |
| 700 | 1 | _aEaton, Diane F. | |
| 906 |
_a7 _bcbc _corignew _d1 _eocip _f19 _gy-gencatlg |
||
| 942 |
_2ddc _cBK |
||